[Event "MTO"]
[Site "Biel SUI"]
[Date "2007.07.30"]
[Round "7"]
[White "Negi,P"]
[Black "Miltner,A"]
[Result "1-0"]
[WhiteElo "2529"]
[BlackElo "2372"]

1.e4 d6 2.d4 Nf6 3.Nc3 e5 4.Nge2 Be7 5.g3 c6 6.Bg2 b5 7.a3 O-O 8.O-O Bb7
9.h3 a5 10.g4 Na6 11.Ng3 g6 12.Nce2 exd4 13.Nxd4 Qb6 14.Bg5 Rfe8 15.Qd2 Nc5
16.Be3 Bf8 17.f3 b4 18.g5 Nfd7 19.f4 f6 20.f5 fxg5 21.Ne6 Rxe6 22.fxe6 Ne5
23.Rxf8+ Rxf8 24.Qxd6 Nxe4 25.Qxf8+ Kxf8 26.Bxb6 Nxg3 27.Bc7  1-0

[Event "MTO"]
[Site "Biel SUI"]
[Date "2007.07.31"]
[Round "8"]
[White "Tyukhanov,A"]
[Black "Al Sayed,Mohamad"]
[Result "0-1"]
[WhiteElo "2083"]
[BlackElo "2469"]

1.e4 d6 2.d4 Nf6 3.Nc3 e5 4.Nf3 Nbd7 5.Bc4 Be7 6.O-O O-O 7.h3 c6 8.a4 a5
9.Re1 Nb6 10.Bb3 exd4 11.Nxd4 Nfd7 12.Nf5 Nc5 13.Nxe7+ Qxe7 14.Qd4 Be6 15.Bxe6 fxe6
16.b3 e5 17.Qe3 Nbd7 18.Ba3 Ne6 19.Ne2 Rf6 20.Rad1 Ndc5 21.Rd2 Raf8 22.f3 Rg6
23.Kh1 Qh4 24.Red1 Ng5 25.Ng1 Ngxe4 26.fxe4 Nxe4 27.Bxd6 Rxd6 28.Rxd6 Nf2+
29.Qxf2 Qxf2 30.R6d2 Qf5 31.Re1 e4 32.Rde2 Re8 33.Nf3 h6 34.Nd2 e3 35.Nc4 Qc5
36.Rxe3 Rxe3 37.Rxe3 b5 38.Re8+ Kf7 39.Re5 Qd4 40.axb5 cxb5 41.Rxb5 a4 42.Ne5+ Ke6
43.bxa4 Qxa4 44.c4 Qd1+ 45.Kh2 Qd4 46.Rd5 Qf4+ 47.Kh1 g5 48.Nf3 Qc1+ 49.Kh2 Qxc4
50.Rd4 Qc5 51.Re4+ Kf6 52.Rd4 h5 53.Re4 Qd6+ 54.Kh1 Qg3 55.Nh2 Kf5 56.Re8 Qd6
57.Re1 Qd3 58.Rf1+ Kg6 59.Rf3 Qd1+ 60.Rf1 Qe2 61.Rf8 g4 62.hxg4 hxg4 63.Nxg4 Qd1+
64.Kh2 Qd6+ 65.Ne5+ Qxe5+ 66.Kh1 Qh5+ 67.Kg1 Qc5+ 68.Rf2 Qe3 69.Kf1 Qc1+
70.Ke2 Qg1 71.Kf3 Kg5 72.Rb2 Qf1+ 73.Ke3 Kg4 74.Re2 Kg3 75.Kd2 Qb1 76.Ke3 Qd1
77.Rd2 Qe1+ 78.Re2 Qc3+ 79.Ke4 Qc4+ 80.Ke3 Kh2 81.Kf3 Qf7+ 82.Ke3 Kg1 83.Rd2 Kf1
84.g3 Qe6+ 85.Kf3 Qf5+ 86.Ke3 Qg4 87.Kd3 Qxg3+ 88.Kc2 Qc7+ 89.Kd1 Qc3 90.Rf2+ Kg1
91.Rd2 Qc4 92.Rc2 Qb3 93.Kc1 Kf1 94.Rd2 Qc3+ 95.Kd1 Qc4 96.Rc2 Qb3 97.Kc1 Qb4
98.Rd2 Ke1 99.Rc2 Qa3+ 100.Kb1 Qa4  0-1

[Event "IMA"]
[Site "Dimitrov RUS"]
[Date "2007.07.31"]
[Round "19"]
[White "Fokin,St"]
[Black "Skurygin,A"]
[Result "0-1"]
[WhiteElo "2114"]
[BlackElo "2319"]

1.e4 d6 2.d4 Nf6 3.Nc3 e5 4.dxe5 dxe5 5.Qxd8+ Kxd8 6.Bg5 Nd7 7.O-O-O Be7
8.f4 c6 9.h3 h6 10.Bxf6 Bxf6 11.f5 Bg5+ 12.Kb1 b5 13.Nf3 Kc7 14.Nxg5 hxg5
15.b4 a5 16.a3 Nf6 17.Bd3 Bb7 18.Kb2 Kb6 19.Be2 Rad8 20.Bd3 Ba6 21.Ne2 c5
22.c3 Bb7 23.Ng3 axb4 24.axb4 cxb4 25.cxb4 Rd4 26.Kc3 Rc8+ 27.Kb3 Rcd8 28.Kc2 Rxb4
29.Rb1 Rxb1 30.Rxb1 Bc6 31.Kc3 Ra8 32.Bc2 Kc5 33.Bb3 Bxe4 34.Nxe4+ Nxe4+
35.Kd3 Nd6 36.Rc1+ Kb4 37.Bd5 Ra3+ 38.Ke2 Rc3 39.Ra1 Kc5 40.Bf3 Nxf5 41.Ra7 e4
42.Rc7+ Kb4 43.Rxc3 exf3+ 44.Rxf3 Nd4+  0-1

[Event "MTO"]
[Site "Biel SUI"]
[Date "2007.08.03"]
[Round "11"]
[White "Nabavi,P"]
[Black "Miltner,A"]
[Result "0-1"]
[WhiteElo "2103"]
[BlackElo "2372"]

1.d4 d6 2.e4 Nf6 3.Nc3 e5 4.Nf3 Nbd7 5.Bc4 Be7 6.O-O O-O 7.Re1 a6 8.a4 b6
9.b3 Bb7 10.Bb2 c6 11.Qd2 Qc7 12.Rad1 Rac8 13.dxe5 Nxe5 14.Nxe5 dxe5 15.Nb1 b5
16.axb5 cxb5 17.Bd3 Rfd8 18.Qe2 Nd7 19.c3 Nc5 20.Bc2 Ne6 21.Rxd8+ Rxd8 22.b4 Nf4
23.Qe3 Bxb4 24.cxb4 Qxc2 25.Bxe5 Ng6 26.Qc3 Rd1 27.Na3 Qxe4  0-1

[Event "XVII Open"]
[Site "La Pobla de Lillet ESP"]
[Date "2007.08.03"]
[Round "2"]
[White "Del Valle Cirera,A"]
[Black "Moser,E"]
[Result "0-1"]
[WhiteElo "2072"]
[BlackElo "2424"]

1.e4 d6 2.d4 Nf6 3.Nc3 Nbd7 4.Nf3 e5 5.Be2 Be7 6.O-O O-O 7.h3 c6 8.a4 a5
9.Be3 Qc7 10.Qd2 Re8 11.d5 Nf8 12.Bc4 Ng6 13.Rad1 Rf8 14.Bg5 c5 15.Be2 h6
16.Be3 Nh7 17.Nh2 Bg5 18.Nb5 Qe7 19.Bg4 Bxe3 20.fxe3 Bxg4 21.Nxg4 Ng5 22.Nc3 Nh4
23.Qf2 f5 24.exf5 Nxf5 25.Qxf5 Rxf5 26.Rxf5 h5 27.Nh2 Rf8 28.Rxf8+ Qxf8 29.Rf1 Qe7
30.e4 c4 31.Rf2 Qd8 32.Nf1 Qb6 33.h4 Nh7 34.Nb5 Nf6  0-1

[Event "XVII Open"]
[Site "La Pobla de Lillet ESP"]
[Date "2007.08.04"]
[Round "3"]
[White "Moser,E"]
[Black "Nikoladze,S"]
[Result "0-1"]
[WhiteElo "2424"]
[BlackElo "2203"]

1.e4 d6 2.d4 Nf6 3.Nc3 e5 4.Nf3 Nbd7 5.Bc4 Be7 6.O-O c6 7.a4 O-O 8.Re1 Qc7
9.Ba2 b6 10.d5 c5 11.Bc4 Nh5 12.Bb5 g6 13.Bc6 Bb7 14.Bh6 Ng7 15.Bxb7 Qxb7
16.Nd2 f5 17.Nc4 a6 18.Qd3 f4 19.f3 Rf7 20.Bxg7 Rxg7 21.Reb1 Qc7 22.Kh1 Rc8
23.b3 Kh8 24.Nd2 Nb8 25.Ra3 Bh4 26.Qe2 g5 27.b4 c4 28.Rg1 g4 29.fxg4 Rcg8
30.Nd1 Rxg4 31.Rh3 b5 32.a5 Qg7 33.Nf3 Bd8 34.c3 Qg6 35.Ne1 Nd7 36.Nf2 Rh4
37.Nf3 Rxh3 38.gxh3 Qh6 39.Rxg8+ Kxg8 40.Qf1 Qg6 41.Qg2 Qxg2+ 42.Kxg2 Kf7
43.Ng4 Kg6 44.Kf1 Kh5 45.Ke2 Nf8 46.Ngxe5 dxe5 47.Nxe5 Bf6 48.Nc6 Nd7 49.Kf3 Kg6
50.Kxf4 Bg5+ 51.Kf3 Kf6 52.Ke2 Bf4 53.Kf3 Bxh2 54.Ke3 Be5 55.Nxe5 Kxe5 56.h4 Nf6
57.d6 Kxd6 58.Kd4 Ng4 59.h5 h6  0-1

[Event "US Open"]
[Site "Cherry Hill USA"]
[Date "2007.08.05"]
[Round "9"]
[White "Marshall,A"]
[Black "Rodriguez,Er"]
[Result "1-0"]
[WhiteElo "2177"]
[BlackElo "2259"]

1.e4 d6 2.d4 Nf6 3.Nc3 Nbd7 4.f4 e5 5.Nf3 exd4 6.Qxd4 c6 7.Be3 d5 8.exd5 Bc5
9.Qd3 Qe7 10.Kd2 cxd5 11.Re1 Ne4+ 12.Kc1 Ndf6 13.Nxd5 Nxd5 14.Qxd5 Nc3  1-0

[Event "GM"]
[Site "Dubna RUS"]
[Date "2007.08.05"]
[Round "4"]
[White "Chernobay,A"]
[Black "Komliakov,V"]
[Result "1/2-1/2"]
[WhiteElo "2409"]
[BlackElo "2438"]

1.e4 d6 2.d4 Nf6 3.Nc3 e5 4.Nf3 Nbd7 5.Bc4 Be7 6.O-O c6 7.a4 O-O 8.Re1 a5
9.h3 exd4 10.Nxd4 Nc5 11.Bf4 Be6 12.Nxe6 fxe6 13.e5 Nd5 14.Bxd5 Rxf4 15.Bxe6+ Kh8
16.Bg4 Qf8  1/2-1/2

[Event "Open"]
[Site "Kavala GRE"]
[Date "2007.08.05"]
[Round "1"]
[White "Graf,A"]
[Black "Aftsoglou,I"]
[Result "1-0"]
[WhiteElo "2595"]
[BlackElo "2196"]

1.d4 d6 2.e4 Nf6 3.Nc3 e5 4.Nf3 Nbd7 5.Bc4 h6 6.O-O Be7 7.Qe2 c6 8.a4 a5
9.h3 O-O 10.Be3 Qc7 11.Bb3 Ne8 12.Qd2 Kh7 13.Ne2 Ndf6 14.Ng3 Be6 15.c4 c5
16.d5 Bd7 17.Bc2 Ng8 18.Nh2 g5 19.Ra3 Ng7 20.h4 f6 21.Nf5 Nxf5 22.exf5 Kg7
23.Qe2 Rf7 24.Bc1 Kf8 25.Rh3 Qc8 26.Qf3 Ke8 27.hxg5 fxg5 28.Qh5 Bxf5 29.Bxf5 Qxf5
30.Ng4 Qh7 31.Re1 Kd7 32.Bd2 Raf8 33.Bxa5 Rf4 34.b3 Qf5 35.Ne3 Qf6 36.Rf1 Qf7
37.Qe2 Qg6 38.b4 g4 39.Rg3 h5 40.bxc5 dxc5 41.Qb2 Qa6 42.Bc3 Rd4 43.Rb1 Kc8
44.Bxd4 exd4 45.Nf1 Bh4 46.Qa3 b6 47.Rgb3 Bxf2+ 48.Kh1 Rf6 49.a5 d3 50.Qa4  1-0

[Event "Proclient Cup IMA"]
[Site "Olomouc CZE"]
[Date "2007.08.05"]
[Round "6"]
[White "Mihailovs,J"]
[Black "Chytilek,R"]
[Result "1-0"]
[WhiteElo "2317"]
[BlackElo "2396"]

1.d4 d6 2.e4 Nf6 3.Nc3 Nbd7 4.Nf3 e5 5.Bc4 Be7 6.h3 c6 7.a4 O-O 8.O-O b6
9.Be3 Bb7 10.dxe5 dxe5 11.Qe2 a6 12.Rad1 Qc7 13.Nh4 b5 14.Nf5 Rfe8 15.Ba2 b4
16.Qc4 Bf8 17.Qxf7+ Kh8 18.Bc5 Rac8 19.Bd6 bxc3 20.Bxc7 Rxc7 21.Rd6 Rec8
22.Rfd1 Nc5 23.Qc4 Ncxe4 24.Rd8 g6 25.Rxc8 Rxc8 26.Ne3 cxb2 27.Qb3 Nc5 28.Qxb2 Bg7
29.Qb6 Bf8 30.Rd8 Nfd7 31.Rxd7  1-0

[Event "Arctic Chess Challenge"]
[Site "Tromso NOR"]
[Date "2007.08.05"]
[Round "2"]
[White "Reppen,S"]
[Black "Markosian,D"]
[Result "1/2-1/2"]
[WhiteElo "2086"]
[BlackElo "2343"]

1.e4 d6 2.d4 Nf6 3.Nc3 e5 4.dxe5 dxe5 5.Qxd8+ Kxd8 6.Bc4 Be6 7.Bxe6 fxe6
8.f3 Bd6 9.Be3 a6 10.O-O-O Ke7 11.Nh3 Nbd7 12.Nf2 b5 13.Rd2 Rhb8 14.Kd1 Nb6
15.Bxb6 Rxb6 16.Ke2 Nd7 17.Ncd1 Rbb8 18.Ne3 Nb6 19.Rhd1 a5 20.c3 Rb7 21.Nfg4 b4
22.c4 Na4 23.c5 Nxc5 24.Nc4 Nd7 25.Nxd6 cxd6 26.Rxd6 Rc7 27.R1d2 a4 28.h4 Ra5
29.h5 a3 30.bxa3 Rxa3 31.h6 gxh6 32.Nxh6 Nf6 33.Rb6 Rca7 34.Rxb4 Rxa2 35.Rb7+ Rxb7
36.Rxa2 Nh5 37.Ng4 Nf4+ 38.Kf2 Nd3+ 39.Ke3 h5 40.Kxd3 hxg4 41.fxg4 Rb3+ 42.Ke2 Rg3
43.Ra7+ Kf6 44.Kf2 Rxg4 45.Kf3 Rf4+ 46.Ke3 Rg4 47.Kf3 Rf4+  1/2-1/2

[Event "HZ Open"]
[Site "Vlissingen NED"]
[Date "2007.08.05"]
[Round "3"]
[White "Verlinde,T"]
[Black "Baete,G"]
[Result "1-0"]
[WhiteElo "2116"]
[BlackElo "1810"]

1.e4 d6 2.d4 Nf6 3.Nc3 Nbd7 4.Nf3 e5 5.Bc4 Be7 6.O-O h6 7.a4 c6 8.h3 Qc7
9.Be3 Nf8 10.Qd2 g5 11.Ba2 Ng6 12.b4 g4 13.hxg4 Bxg4 14.Nh2 h5 15.b5 h4 16.Bg5 Bd7
17.Rad1 Nh5 18.Bxe7 Nxe7 19.dxe5 dxe5 20.Bxf7+ Kxf7 21.Qxd7 Qa5 22.Qd3 Rhg8
23.Qc4+ Ke8 24.Ne2 Qb6 25.Kh1 Rc8 26.Qe6 Qc7 27.Qh6 Ng7 28.Ng4  1-0

[Event "12th WY U16 Ol"]
[Site "Singapore SIN"]
[Date "2007.08.06"]
[Round "2"]
[White "Nguyen Van Thanh"]
[Black "Salehian,Si"]
[Result "0-1"]
[WhiteElo "2105"]
[BlackElo "1989"]

1.e4 d6 2.d4 Nf6 3.Nc3 e5 4.dxe5 dxe5 5.Qxd8+ Kxd8 6.Bg5 Be6 7.Nf3 Nd7 8.a3 Kc8
9.Bxf6 gxf6 10.Nh4 c6 11.g3 Bh6 12.Rd1 Kc7 13.Nf5 Bf8 14.Be2 b5 15.O-O a5
16.Ra1 Bc5 17.Kg2 Rhd8 18.Rad1 b4 19.Na4 Bf8 20.axb4 axb4 21.b3 Nb6 22.Nxb6 Kxb6
23.Ne3 Be7 24.Bc4 Rxd1 25.Rxd1 Rd8 26.Ra1 Bc5 27.Kf3 Bxe3 28.Bxe6 Bd4 29.Ra4 fxe6
30.Rxb4+ Kc7 31.Rc4 Bb6 32.Ke2 Rd4 33.Rxd4 Bxd4 34.f4 Bg1 35.h3 exf4 36.gxf4 Bh2
37.Kf3 e5 38.fxe5 fxe5 39.b4 Bf4 40.Ke2 c5 41.bxc5 Kc6 42.Kd3 Kxc5  0-1

[Event "XVII Open"]
[Site "La Pobla de Lillet ESP"]
[Date "2007.08.07"]
[Round "6"]
[White "Wohl,A"]
[Black "Nikoladze,S"]
[Result "0-1"]
[WhiteElo "2423"]
[BlackElo "2203"]

1.e4 d6 2.d4 Nf6 3.Nc3 e5 4.Nf3 exd4 5.Qxd4 Be7 6.Bf4 Nc6 7.Qd2 Nh5 8.Be3 Ne5
9.Nxe5 dxe5 10.Qe2 Nf6 11.Rd1 Bd7 12.h3 c6 13.g4 h6 14.Bg2 Qc7 15.O-O g5
16.a3 Nh7 17.Qc4 Qc8 18.Ne2 h5 19.f3 h4 20.Nc1 b6 21.Rd2 Nf8 22.Rfd1 f6 23.Bf1 Qc7
24.Qc3 O-O-O 25.Bc4 Kb7 26.Qb3 Ka8 27.Nd3 c5 28.Bd5+ Kb8 29.Qc4 Ng6 30.a4 Nf4
31.Nxf4 exf4 32.Bf2 Bd6 33.c3 Be5 34.a5 Bc8 35.axb6 axb6 36.Ra1 Bb7 37.b3 Bxd5
38.exd5 Qb7 39.Rda2 Rd6 40.Ra6 Rc8 41.Qa4 Qxd5 42.Rxb6+ Kc7 43.Qa7+ Kd8 44.Qa5 Ke7
45.Rxd6 Qxd6 46.Re1 Kf7 47.Qb5 Qd5 48.c4 Qd6 49.Qb7+ Rc7 50.Qe4 Rd7 51.b4 cxb4
52.c5 Qd3 53.Qxb4 Qxf3 54.Qc4+ Kg7 55.c6 Rc7 56.Rc1 Qxh3 57.Rb1 f3  0-1

[Event "12th WY U16 Ol"]
[Site "Singapore SIN"]
[Date "2007.08.07"]
[Round "4"]
[White "Song,R"]
[Black "Salehian,Si"]
[Result "1-0"]
[WhiteElo "2182"]
[BlackElo "1989"]

1.e4 d6 2.d4 Nf6 3.Nc3 e5 4.dxe5 dxe5 5.Qxd8+ Kxd8 6.Bg5 Be6 7.O-O-O+ Nd7
8.f4 exf4 9.Nf3 h6 10.Bxf4 c6 11.h3 Bc5 12.Nd4 Re8 13.Nxe6+ fxe6 14.e5 Nd5
15.Nxd5 cxd5 16.c4 Rc8 17.Kb1 dxc4 18.Bxc4 a6 19.Bb3 Ke7 20.Rd3 Rf8 21.Rhd1 Rfd8
22.Rf1 Nb8 23.Rdf3 Rf8 24.h4 Nc6 25.Rg3 Rf7 26.Rg6 Nd4 27.Bd1 Rd8 28.Bg4 Rd5
29.a3 a5 30.g3 Rxe5 31.Bxe5 Rxf1+ 32.Ka2 Nf5 33.Bxf5 Rxf5 34.Rxg7+ Rf7 35.Rg6 Be3
36.Kb3 Rf5 37.Rg7+ Rf7 38.Bd6+ Kf6 39.Be5+ Ke7 40.Rg8 Rf5 41.Bc3 Kd6 42.Kc4 Bf2
43.Rd8+ Kc6 44.Rc8+ Kd7 45.Rb8 Bxg3 46.Rxb7+ Kc6 47.Re7 Kd6 48.Rh7 h5 49.Ra7 Bxh4
50.Bxa5 Bf2 51.Bb4+ Ke5 52.Rh7 Rf4+ 53.Kb5 h4 54.a4 Kf6 55.a5 Rf5+ 56.Kc6 Kg6
57.Rh8 Kg7 58.Bc3+ Kg6 59.a6 Rh5 60.Rf8 Rf5 61.Rg8+ Kh7 62.Rh8+ Kg6 63.b4 Rf3
64.Be5 Rf5 65.Bd6 Kg7 66.Rxh4 Rf3 67.Rg4+ Kh6 68.b5 Rc3+ 69.Kb7 Rd3 70.Bc7 Kh5
71.Re4 Ra3 72.Rxe6 Kg5 73.b6 Kf5 74.Re5+  1-0

[Event "Arctic Chess Challenge"]
[Site "Tromso NOR"]
[Date "2007.08.07"]
[Round "4"]
[White "Hagen,Ande"]
[Black "Markosian,D"]
[Result "1/2-1/2"]
[WhiteElo "2012"]
[BlackElo "2343"]

1.e4 c6 2.d4 d6 3.Nc3 Nf6 4.f4 Qa5 5.Bd3 e5 6.Nf3 Bg4 7.dxe5 dxe5 8.fxe5 Nfd7
9.e6 fxe6 10.h3 Bxf3 11.Qxf3 Ne5 12.Qg3 Nbd7 13.O-O O-O-O 14.Bg5 Bc5+ 15.Kh1 Rdg8
16.a3 Qc7 17.b4 Bd6 18.b5 h6 19.Bd2 Nc5 20.Qe3 g5 21.bxc6 bxc6 22.Ne2 Kb8
23.Bc3 Ncd7 24.Rab1+ Ka8 25.Nd4 Re8 26.Ba6 Nc5 27.Be2 Rhf8 28.Nf3 Nxf3 29.Bxf3 e5
30.Rfd1 Ne6 31.Bg4 Bc5 32.Qg3 Rf4 33.Bd2 Rf6 34.Bc3 Rf4 35.Bd2 Rf6 36.Bc3  1/2-1/2

[Event "FSGM August"]
[Site "Budapest HUN"]
[Date "2007.08.08"]
[Round "3"]
[White "Papp,Ge"]
[Black "Lorscheid,G"]
[Result "1-0"]
[WhiteElo "2425"]
[BlackElo "2309"]

1.e4 d6 2.d4 Nf6 3.Nc3 Nbd7 4.Nf3 e5 5.Bc4 Be7 6.O-O O-O 7.Re1 c6 8.a4 b6
9.Ba2 a6 10.Qd3 Bb7 11.Nh4 exd4 12.Qxd4 c5 13.Qd1 Nxe4 14.Nf5 Nxc3 15.Nxe7+ Qxe7
16.Rxe7 Nxd1 17.Rxd7 Rae8 18.Bd2 Bc8 19.Rxd6 Nxb2 20.Rxb6 Nxa4 21.Rc6 Rd8
22.Ba5 Rd7 23.Bb3 Nb2 24.Rxc5 Bb7 25.Kf1 Rc8 26.Rxc8+ Bxc8 27.Re1  1-0

[Event "GM"]
[Site "Dubna RUS"]
[Date "2007.08.08"]
[Round "7"]
[White "Nechepurenko,R"]
[Black "Komliakov,V"]
[Result "1/2-1/2"]
[WhiteElo "2510"]
[BlackElo "2438"]

1.e4 d6 2.d4 Nf6 3.Nc3 e5 4.Nge2 Be7 5.g3 c6 6.Bg2 b5 7.a3 Bb7 8.O-O Nbd7
9.h3 h5 10.Be3 O-O 11.f4 a5 12.dxe5 dxe5 13.b3 Re8 14.fxe5 Nxe5 15.Qe1 Nfd7
16.Nf4 g6 17.Qf2 Bf6 18.Rad1 Qe7 19.a4 b4 20.Nce2 Ba6 21.Rd2 Bg7 22.Rfd1 Bf8
23.Nd4 Nf6 24.Nfe2 Nh7 25.Nc1 Red8 26.Nd3 Bxd3 27.cxd3 c5 28.Ne2 Qe6 29.d4 cxd4
30.Nxd4 Qe7 31.Nb5 Rxd2 32.Qxd2 h4 33.gxh4 Qxh4 34.Qf2 Qe7 35.Bb6 Nd7 36.Bc7 Rc8
37.Bxa5 Qe6 38.Qd2 Nc5 39.Qd5 Nxb3 40.Qxe6 fxe6 41.Bc7 Nf6 42.e5 Ne8 43.Bd6 Nc5
44.a5 b3 45.Rb1 Nxd6 46.exd6 Rd8 47.Nd4  1/2-1/2

[Event "It"]
[Site "Kemerovo RUS"]
[Date "2007.08.08"]
[Round "4"]
[White "Iwasaki,Y"]
[Black "Skurygin,A"]
[Result "0-1"]
[WhiteElo "2138"]
[BlackElo "2319"]

1.e4 d6 2.d4 Nf6 3.Nc3 e5 4.Nf3 Nbd7 5.Bc4 Be7 6.O-O O-O 7.a4 c6 8.Re1 b6
9.b3 Bb7 10.Bb2 a6 11.Bf1 Qc7 12.Qd2 b5 13.b4 a5 14.axb5 axb4 15.Nd1 Rxa1
16.Bxa1 Ra8 17.Bb2 c5 18.dxe5 dxe5 19.Qg5 h6 20.Qf5 Bd6 21.Bc4 Bc8 22.Nd2 Nf8
23.Qf3 Ne6 24.Ne3 Nd4 25.Qd1 Bd7 26.b6 Qxb6 27.Nd5 Qd8 28.h3 Ra7 29.Re3 Be6
30.c3 bxc3 31.Bxc3 Bf8 32.Nxf6+ Qxf6 33.Rg3 Rd7 34.Qf1 g6 35.Bxe6 Qxe6 36.Nc4 h5
37.Ne3 Qa2 38.Bxd4 exd4 39.Nd5 Rxd5 40.exd5 Qxd5 41.Qc1 d3 42.Qd2 c4 43.Kf1 Qd4
44.Qe3 Qa1+ 45.Qe1 Qb2 46.Qe4 Bb4  0-1

[Event "ch-Euro Rapid Women"]
[Site "Predeal ROM"]
[Date "2007.08.08"]
[Round "6"]
[White "Peptan,C"]
[Black "Vajda,S"]
[Result "0-1"]
[WhiteElo "2411"]
[BlackElo "2410"]

1.e4 d6 2.d4 Nf6 3.Nc3 Nbd7 4.f4 e5 5.Nf3 Qe7 6.Bd3 c6 7.O-O g6 8.Kh1 Bg7
9.Qe1 exd4 10.Nxd4 O-O 11.Be3 Re8 12.Nb3 b5 13.a3 Bb7 14.Na5 Nb6 15.Qh4 Rac8
16.Rae1 Ba8 17.Bd4 Nfd7 18.Qxe7 Rxe7 19.Nb3 a6 20.Bxg7 Kxg7 21.Be2 c5 22.Bf3 Nc4
23.Rb1 Nf6 24.e5 dxe5 25.Bxa8 Rxa8 26.fxe5 Rxe5 27.Nxc5 Rxc5 28.Rxf6 Nd2
29.Rbf1 Nxf1 30.Rxf1 Rd8 31.h3 Re5 32.Rf2 a5 33.Kh2 f5 34.Nb1 b4 35.axb4 axb4
36.Nd2 Re1 37.Nc4 Rd4 38.b3 h5 39.Nb2 Rde4 40.Nd3 Rd1 41.g3 Kf6 42.h4 Rd4
43.Nc5 Ke5 44.Kg2 Kd5 45.Na4 R4d2 46.c3 Rxf2+ 47.Kxf2 Rb1 48.cxb4 Rxb3 49.b5 Kd4  0-1

[Event "KRK WGM"]
[Site "Dobrinj CRO"]
[Date "2007.08.09"]
[Round "6"]
[White "Ionica,I"]
[Black "Srebrnic,A"]
[Result "1/2-1/2"]
[WhiteElo "2261"]
[BlackElo "2276"]

1.e4 d6 2.d4 Nf6 3.Nc3 e5 4.Nf3 Nbd7 5.Bc4 Be7 6.O-O O-O 7.Re1 c6 8.a4 b6
9.d5 cxd5 10.Nxd5 Bb7 11.b3 Nc5 12.Nxf6+ Bxf6 13.Bd5 Qd7 14.Ba3 Rfd8 15.Qd2 Rac8
16.Rad1 Ne6 17.Bxb7 Qxb7 18.g3 Qc6 19.c4 g6 20.Qb4 Qc5 21.Rd5 Qxb4 22.Bxb4 Nc5
23.Bxc5 bxc5 24.Red1 Be7 25.Ne1 Rb8 26.R5d3 Rb6 27.Nc2 Rdb8 28.Rb1 Bf8 29.Ne1 Ra6
30.Ra1 Rab6 31.Rb1 Ra6 32.Ra1 Rab6 33.Rb1  1/2-1/2

[Event "Open"]
[Site "Dubna RUS"]
[Date "2007.08.09"]
[Round "10"]
[White "Zuzin,V"]
[Black "Andreev,Af"]
[Result "1-0"]
[WhiteElo "2265"]
[BlackElo "2322"]

1.d4 d6 2.e4 Nf6 3.Nc3 e5 4.dxe5 dxe5 5.Qxd8+ Kxd8 6.Nf3 Bd6 7.Bg5 c6 8.O-O-O Ke7
9.h3 Be6 10.Nh4 Nd7 11.Nf5+ Bxf5 12.exf5 h6 13.Bh4 Nc5 14.g4 a5 15.Bg2 Rhd8
16.Rhe1 Kf8 17.Bg3 Bc7 18.Bxe5 Rxd1+ 19.Nxd1 Re8 20.Bxc7 Rxe1 21.Bd6+ Ke8
22.Bxc5 h5 23.Bf3 hxg4 24.Bxg4 Rg1 25.f3 Rh1 26.Kd2 Nd5 27.Ne3 Rh2+ 28.Kd3 Nf4+
29.Kc3 Nxh3 30.Nc4 f6 31.Nd6+ Kd7 32.Nxb7 Ng5 33.Nxa5 Nxf3 34.Bxf3 Rh3 35.Nc4 Rxf3+
36.Ne3 g6 37.fxg6 Rg3 38.Kd4 Rxg6 39.a4 Ke6 40.a5 Rh6 41.b4 f5 42.a6 Rh4+
43.Kd3 f4 44.a7 Rh8 45.Nc4  1-0

[Event "XVIII Kochan Mem"]
[Site "Koszalin POL"]
[Date "2007.08.09"]
[Round "5"]
[White "Panocki,A"]
[Black "Sokolowski,Ry"]
[Result "1/2-1/2"]
[WhiteElo "2273"]
[BlackElo "2089"]

1.e4 d6 2.d4 Nf6 3.Nc3 e5 4.Nge2 Nbd7 5.f3 c6 6.Be3 Be7 7.Qd2 a6 8.g4 g6
9.Ng3 h5 10.g5 Nh7 11.h4 b5 12.O-O-O O-O 13.Kb1 a5 14.dxe5 dxe5 15.Bh3 Qc7
16.Qxd7 Bxd7 17.Rxd7 Qb8 18.Rxe7 a4 19.Rd1 Rd8 20.Rxd8+ Qxd8 21.Rd7 Qa5 22.Rb7 b4
23.Nce2 b3 24.cxb3 axb3 25.axb3 Nf8 26.Kc2 Rd8 27.Nc1 Qe1 28.Nge2 Qd1+ 29.Kc3 Qh1
30.Ng1 Rd1 31.Nce2 Re1 32.Kd2 Rxg1 33.Nxg1 Qh2+ 34.Kc3 Qg3 35.Bc5 Qe1+ 36.Kc2 Kg7
37.Rb8 Nh7 38.Re8 Qxh4 39.Rxe5 Nxg5 40.Bd7 f6 41.Re7+ Kh6 42.Be3 Qe1 43.Bd4 Nh7
44.Bxc6 h4 45.Bd5 h3 46.Nxh3 Qe2+ 47.Kc1 Qf1+ 48.Kc2 Qxh3 49.f4 g5 50.fxg5+ Kxg5
51.b4 Kh6 52.Re6 Qf3 53.Bc3 Kg5 54.Re7 Kg6 55.Bf7+ Kg5 56.Bd2+ Kh4 57.Bd5 Ng5
58.b5 Qf2 59.Rc7 Nf3 60.Rh7+ Kg3 61.Rg7+ Kh4 62.Rh7+ Kg3 63.Rg7+  1/2-1/2

[Event "HZ Open"]
[Site "Vlissingen NED"]
[Date "2007.08.09"]
[Round "7"]
[White "Jap Tjoen San,L"]
[Black "Stange,S"]
[Result "1/2-1/2"]
[WhiteElo "2199"]
[BlackElo "2144"]

1.d4 Nf6 2.Nc3 d6 3.e4 Nbd7 4.g4 h6 5.h3 e5 6.Bg2 Be7 7.Nge2 Nf8 8.Ng3 g5
9.Nf5 Ng6 10.Be3 Nf4 11.Bf3 Bxf5 12.exf5 c6 13.Bxf4 exf4 14.Qe2 Qd7 15.O-O-O O-O-O
16.d5 c5 17.Qc4 Kb8 18.a4 Ne8 19.Ne4 Nf6 20.Nc3 Ne8 21.a5 Bf6 22.Ne4 Be5
23.Rde1 Qc7 24.Qb5 Nf6 25.Nd2 Qd7 26.Qb3 Bd4 27.Ref1 a6 28.c3 Be5 29.Be2 Ka8
30.Rd1 Qc7 31.Nc4 Nd7 32.h4 Ka7 33.Kc2 f6  1/2-1/2

[Event "Open"]
[Site "Callao PER"]
[Date "2007.08.10"]
[Round "3"]
[White "Sosa Patino,C"]
[Black "Fernandez,Fe"]
[Result "0-1"]
[WhiteElo "2190"]
[BlackElo "2244"]

1.e4 d6 2.d4 Nf6 3.Nc3 e5 4.dxe5 dxe5 5.Qxd8+ Kxd8 6.Bc4 Ke8 7.Nf3 Bd6 8.h3 a6
9.a4 Nbd7 10.O-O b6 11.Ng5 Rf8 12.f4 Bb7 13.fxe5 Nxe5 14.Bd5 Nxd5 15.exd5 h6
16.Nge4 Kd7 17.g4 Bb4 18.Be3 Rae8 19.Bd4 f6 20.Rad1 Nc4 21.b3 Bxc3 22.Nxc3 Ne3
23.Bxe3 Rxe3 24.Na2 Rxh3 25.Kg2 Re3 26.Nc1 Rfe8 27.Rf3 Re1 28.Rfd3 R1e3 29.c4 Kd6
30.Rxe3 Rxe3 31.Nd3 Bc8 32.b4 Bxg4 33.Rd2 Re2+ 34.Rxe2 Bxe2 35.c5+ bxc5 36.bxc5+ Kxd5
37.Nf4+ Kxc5 38.Nxe2 Kb4 39.Nf4 Kxa4 40.Nd5 Kb3 41.Nxc7 a5  0-1

[Event "94th ch-GBR"]
[Site "Great Yarmouth ENG"]
[Date "2007.08.10"]
[Round "11"]
[White "Dossett,C"]
[Black "Van Kemenade,R"]
[Result "0-1"]
[WhiteElo "2001"]
[BlackElo "2032"]

1.e4 d6 2.d4 Nf6 3.Nc3 Nbd7 4.f4 e5 5.Nf3 exd4 6.Qxd4 c6 7.Bc4 b5 8.Bb3 c5
9.Bxf7+ Kxf7 10.Qd3 c4 11.Qd4 Qb6 12.Ng5+ Kg8 13.Be3 Qxd4 14.Bxd4 h6 15.Ne6 b4
16.Nd5 Nxd5 17.exd5 Bb7 18.O-O Nf6 19.Rae1 Nxd5 20.Rf3 Ne7 21.Nxf8 Bxf3 22.Rxe7 Kxf8
23.Rxg7 Be4  0-1

[Event "Tsiolkovsky Mem"]
[Site "Kaluga RUS"]
[Date "2007.08.10"]
[Round "7"]
[White "Kopyl,A"]
[Black "Shabanov,Y"]
[Result "0-1"]
[WhiteElo "2221"]
[BlackElo "2431"]

1.e4 d6 2.d4 Nf6 3.Nc3 e5 4.Nge2 Be7 5.f3 c6 6.a4 Nbd7 7.Be3 O-O 8.Qd2 d5
9.exd5 cxd5 10.O-O-O Bb4 11.dxe5 Nxe5 12.Nf4 Be6 13.Kb1 Nc6 14.Bd4 Nxd4 15.Qxd4 Qa5
16.Na2 Bc5 17.Qc3 Qb6 18.a5 Qc6 19.Nxe6 fxe6 20.Bd3 Rac8 21.Rhe1 Rfe8 22.g4 Bd6
23.Qd2 Qc7 24.h4 Bf4 25.Qb4 Re7 26.Nc3 Bd6 27.Qa4 a6 28.g5 Nd7 29.Qg4 Ne5
30.Bxh7+ Kxh7 31.Qh5+ Kg8 32.g6 Nxg6 33.Qxg6 Be5 34.Na4 Rf8 35.Nb6 Rxf3 36.Rxd5 Bxb2
37.Rd7 Rxd7 38.Qe8+ Rf8 39.Qxd7 Qxd7 40.Nxd7 Bc3 41.Rxe6 Rf7 42.Nc5 Bxa5
43.Ne4 Bd8 44.Nd6 Rf1+ 45.Ka2 Bf6 46.h5 Kh7 47.Nf7 Bh4 48.Nd6 b5 49.Ne8 Re1
50.Nxg7 Kxg7 51.Rxa6 Bf6 52.Rc6 b4 53.h6+ Kf7 54.h7 Rh1 55.Kb3 Bc3 56.Rc7+ Kg6
57.Rc6+ Kxh7 58.Rc7+ Kg6 59.Rc6+ Kf5 60.Rc8 Rh6 61.Kc4 Ke5 62.Rc5+ Ke4 63.Rc8 Re6
64.Rd8 Ke3 65.Rd7 Ke2 66.Rd8 Bd2 67.Rd5 Re4+ 68.Kb3 Re3+ 69.Ka2 Ra3+  0-1

[Event "Petrovskaya Ladya IM1"]
[Site "Peterhof RUS"]
[Date "2007.08.10"]
[Round "8"]
[White "Eliseev,Alexe"]
[Black "Levin,Ev"]
[Result "1-0"]
[WhiteElo "2421"]
[BlackElo "2421"]

1.e4 d6 2.d4 Nf6 3.Nc3 c6 4.Nf3 Bg4 5.Be2 e6 6.Be3 Be7 7.h3 Bh5 8.d5 Bxf3
9.Bxf3 cxd5 10.exd5 e5 11.O-O O-O 12.a4 Nbd7 13.a5 a6 14.Qd2 h6 15.Na4 Rc8
16.Be2 Nh7 17.Nb6 Nxb6 18.Bxb6 Qd7 19.c4 f5 20.b4 Nf6 21.Rfd1 Ne4 22.Qe1 Bd8
23.f3 Nf6 24.Bf2 Re8 25.Qf1 Qf7 26.Ra3 f4 27.c5 e4 28.fxe4 Rxe4 29.c6 Ra8
30.Rd4 Rxd4 31.Bxd4 Ne4 32.Bf3 Ng3 33.Qd3 Rb8 34.b5 bxc6 35.b6 c5 36.Bf2 Qf6
37.Qxa6 Qb2 38.Qd3 Bf6 39.Rb3 Qa1+ 40.Rb1 Qxa5 41.Qg6 Qa4 42.Kh2 Qd7 43.Bg4 Qe7
44.Be6+ Kh8 45.b7 Be5 46.Rb6 c4 47.Qf7 Qxf7 48.Bxf7 Ne4 49.Bg6 Nc5 50.Bxc5 dxc5
51.Rc6 f3+ 52.Kg1 Rf8 53.Rc8 Kg8 54.gxf3 c3 55.Kf1 c2 56.Bxc2 Kf7 57.Ke2 Ke7
58.Kd3 Bd6 59.Kc4 Rxf3 60.b8=Q Rf4+ 61.Kc3 Bxb8 62.Rxb8 Kd6 63.Bb3 Rf3+ 64.Kc4 Rf4+
65.Kd3 Rf3+ 66.Ke4 Rxh3 67.Rb6+ Kc7 68.Rc6+ Kd7 69.Bd1 Rh4+ 70.Ke5 g5 71.Rg6 Rh1
72.Ba4+ Ke7 73.d6+ Kf7 74.Rf6+ Kg7 75.Re6 Re1+ 76.Kd5 Ra1 77.Bc6 g4 78.d7 g3
79.Kxc5 Rc1+ 80.Kb6 Kf7 81.Rd6  1-0

[Event "Open"]
[Site "Callao PER"]
[Date "2007.08.11"]
[Round "5"]
[White "Calizaya,M"]
[Black "Toloza,P"]
[Result "1-0"]
[WhiteElo "2125"]
[BlackElo "2340"]

1.e4 d6 2.d4 Nf6 3.Nc3 e5 4.dxe5 dxe5 5.Qxd8+ Kxd8 6.Bg5 Be6 7.O-O-O+ Nd7
8.Nd5 Kc8 9.f3 c6 10.Nc3 Bc5 11.g3 h6 12.Bd2 b5 13.Bh3 Bxh3 14.Nxh3 Nb6 15.b3 a5
16.Kb1 a4 17.Ne2 Re8 18.Nc1 Nfd7 19.Nd3 Bd6 20.Nhf2 Kc7 21.Ng4 h5 22.Ne3 g6
23.g4 Rh8 24.h3 Nf8 25.Bc3 f6 26.g5 Nfd7 27.gxf6 Rhf8 28.Rhg1 axb3 29.axb3 Rxf6
30.f4 Re8 31.f5 Nc5 32.Nf2 Rg8 33.Rxd6  1-0

[Event "Romanian Open"]
[Site "Predeal ROM"]
[Date "2007.08.11"]
[Round "1"]
[White "Szabo,G ROM"]
[Black "Luca,I"]
[Result "1-0"]
[WhiteElo "2524"]
[BlackElo "2143"]

1.e4 d6 2.d4 Nf6 3.Nc3 c6 4.Nf3 Bg4 5.Be2 Nbd7 6.O-O e5 7.Be3 Be7 8.h3 Bh5
9.a4 Qc7 10.Nd2 Bxe2 11.Qxe2 exd4 12.Bxd4 O-O 13.f4 Ne8 14.Nc4 d5 15.exd5 Bf6
16.Rad1 Bxd4+ 17.Rxd4 Nef6 18.d6 Qd8 19.Qf2 Nc5 20.Re1 Re8 21.Rdd1 Rxe1+
22.Rxe1 Ne6 23.f5 Nf8 24.Re7 b5 25.axb5 Nd5 26.f6 Ng6 27.bxc6 Ndxe7 28.fxe7 Nxe7
29.dxe7 Qxe7 30.Nd5 Qg5 31.Nce3  1-0